| 000 | 00656nam a2200241Ia 4500 | ||
|---|---|---|---|
| 003 | OSt | ||
| 005 | 20220924122642.0 | ||
| 006 | a|||||r|||| 00| 0 | ||
| 007 | ta | ||
| 008 | 220923b |||||||| |||| 00| 0 urd d | ||
| 024 | _a321826 | ||
| 037 | _cTextual | ||
| 040 |
_aARTS _cARTS _burd |
||
| 041 |
_2urd _aurd |
||
| 082 | _aQ7:494, 168D5 | ||
| 100 |
_aSharar Abdul Haleem Au. _9179958 |
||
| 245 | 0 | _aHaroob-e-silebia | |
| 260 |
_aLucknow _bDilgudaz press India _c1905 |
||
| 650 |
_a SACRIFICE _9190234 |
||
| 650 |
_aISLAM _9577 |
||
| 942 |
_hQ7:494, 168D5 _cTEXL _2CC |
||
| 999 |
_c412500 _d412500 |
||